|
|
|
|
| LEADER |
00000nam a22000007a 4500 |
| 005 |
20220204233348.0 |
| 007 |
cr|||| |||| |
| 008 |
220204s2010 co |||||s|||| 00||0 spa d |
| 020 |
|
|
|a 978-958-648-636-1
|
| 035 |
|
|
|a 35775
|
| 040 |
|
|
|a vLex
|
| 090 |
|
|
|c 12913
|d 12913
|
| 100 |
1 |
|
|a Amaya Amaya, Jairo
|
| 245 |
1 |
0 |
|a Toma de decisiones gerenciales
|h [Recurso electrn̤ico] /
|c Jairo Amaya Amaya
|
| 256 |
|
|
|a Servicio en ln̕ea
|
| 260 |
|
|
|a Bogot:̀
|b ECOE,
|c 2010
|
| 300 |
|
|
|a 1 recurso electrn̤ico
|
| 500 |
|
|
|a Este texto pretende dar al estudiante y al profesional, una visin̤ clara de los aspectos humanos que tienen que ver con la toma de decisiones gerenciales, asimile los conceptos tčnicos inherentes a los mťodos cuantitativos usados para la toma de decisiones enfocando la solucin̤ de los problemas al uso de software especializado y utilizando como herramienta principal el computador. Tomar decisiones implica un proceso que va desde las ideas iniciales hasta la puesta en marcha de las mismas. Los directivos deben conocer el proceso para generar y aplicar decisiones efectivas teniendo en cuenta que estǹ involucrados aspectos tanto de carc̀ter humano como tčnico, los que se pretenden combinar en este libro para que cada usuario conozca en primer lugar su perfil decisorio, y luego aprenda las diversas tčnicas que existen en toma de decisiones como disciplina perteneciente a la investigacin̤ de operaciones con el props̤ito de que las aplique segn︢ el caso.
|
| 506 |
1 |
|
|a Disponible solo en los productos indicados
|d vLex Global
|d vLex Global (Academic Edition, excluding Law Schools)
|d vLex Global (U.S. Academic Edition, Law Schools)
|d vLex Global (U.S. Academic Edition, excluding Law Schools)
|d vLex Global (Academic Edition, Law Schools)
|
| 650 |
0 |
4 |
|a Actividad Administrativa
|z Colombia
|
| 650 |
0 |
4 |
|a Administracin̤ (Management)
|z Colombia
|
| 740 |
0 |
|
|a vLex Libros (Servicio en ln̕ea)
|
| 856 |
4 |
0 |
|u https://app.vlex.com/#/sources/35775
|z Acceso restringido
|
| 942 |
|
|
|c BOOK
|
| 999 |
0 |
|
|a Administrative Activity
|
| 999 |
0 |
|
|a Administration (Management)
|